000 00789cam a2200253 i 4500
008
020 _a0916730085 (hbk.)
049 _aMAIN
090 _aRT120.E4
_bGIV
245 0 0 _aGiving emergency care competently /
_c[by] Joy P. Clausen ...[et al].
260 _aHorsham, Pa. :
_bNursing78 Books, Intermed Communications,
_cc1978.
300 _a192 p. :
_bill. ;
_c24 cm.
490 1 _aNursing skillbook.
500 _aIncludes index.
650 0 _aEmergency nursing.
650 2 _aCritical Care
_vNurses' Instruction.
650 2 _aEmergencies
_vNurses' Instruction.
700 _aClausen, Joy P.
907 _a.b10357518
_b27-04-15
_c27-04-15
003
005 20230120204153.0
040 _cNUST
942 _cBOOKS
_kRT120.E4
_mGIV
999 _c118409
_d118409